000 00841nam a2200289Ia 4500
001 33001
003 IT-RoPAU
008 130308s9999 xx 000 0 und d
040 _aIT-RoPAU
040 _cIT-RoPAU
041 _aITALIANO
100 _aLamberti Amato
100 _gCodice Aut. SPICS: 14506
245 _aEccedenza televisiva e consumo ingordo: dalla ricostruzione indiziaria al bricolage elettronico
245 _bAi Confini della Serialita'
250 _a1a ed.
260 _aITALIA
260 _bSocieta' Editrice Napoletana
260 _c1984 [1° Ed.:1984 - Ed.Ling.Originale:1982]
300 _a"3 p. (prefazione: no ; testo: 3 [pagine: 67-69])"
650 _aSOCIOLOGIA DELLA COMUNICAZIONE SOCIALE
650 _eCodice materia Spics: 3806
942 _cBK
957 _71
999 _c44282
_d44282
999 _bSI
999 _g1